Ciencia fricción : vida entre especies compañeras / vida entre especies compañeras /
MARC
| LEADER | 00000nam a22000007a 4500 | ||
|---|---|---|---|
| 001 | 25163 | ||
| 008 | 220215b spa||||| |||| 00| 0 cat d | ||
| 017 | |a B 9371-2021 | ||
| 020 | |a 9788498039818 | ||
| 041 | 0 | |a spa |a eng | |
| 245 | |a Ciencia fricción : |b vida entre especies compañeras / |c dirección Maria Pqkt; coordinación Marina Palà ; [et. al.] | ||
| 260 | |a Barcelona : |b Centre de Cultura Contemporània de Barcelona ; |c 2021 | ||
| 300 | |a 192 pàgines ; |b il·lustracions color ; |c 24 cm | ||
| 500 | |a Notes biogràfiques a partir de la pàgina 144 | ||
| 530 | |a La sobrecoberta és un desplegable que conté una cronologia il·lustrada titulada "Time-Life-Time" dissenyada per Jaume Serra | ||
| 546 | |a Traducció a l'anglès dels textos a partir de la pàgina 153 | ||
| 650 | 0 | |9 52508 |a Biodiversitat |v Exposicions | |
| 655 | 0 | |a Catàlegs d'exposicions |9 69807 | |
| 700 | |9 52509 |a Ptqk, Maria |e direcció | ||
| 700 | 1 | |a Palà, Marina |e coordinació |9 41454 | |
| 710 | 2 | |a Centre de Cultura Contemporània de Barcelona |9 52510 | |
| 942 | |2 udc |n 1 |c ARXIU | ||
| 952 | |0 0 |1 0 |4 0 |6 BIB435 |7 1 |9 61004 |a Arxiu |b Arxiu |d 2022-02-15 |o Bib-435 |p 25163 |r 2022-02-15 00:00:00 |w 2022-02-15 |y ARXIU | ||
| 999 | |c 81128 |d 81128 | ||